Legal aspects of life assurance IC-24 (Record no. 122)
[ view plain ]
| 000 -LEADER | |
|---|---|
| fixed length control field | 00494 a2200181 4500 |
| 001 - CONTROL NUMBER | |
| control field | 065772 |
| 003 - CONTROL NUMBER IDENTIFIER | |
| control field | OSt |
| 005 - DATE AND TIME OF LATEST TRANSACTION | |
| control field | 20210903154052.0 |
| 008 - FIXED-LENGTH DATA ELEMENTS--GENERAL INFORMATION | |
| fixed length control field | |
| 082 ## - DEWEY DECIMAL CLASSIFICATION NUMBER | |
| Classification number | 368.32 |
| Item number | I7L |
| 100 1# - MAIN ENTRY--PERSONAL NAME | |
| Personal name | Madhyastha, P.S. |
| 245 1# - TITLE STATEMENT | |
| Title | Legal aspects of life assurance IC-24 |
| Statement of responsibility, etc | by P.S. Madhtastha and M.G. Diwan |
| 260 ## - PUBLICATION, DISTRIBUTION, ETC. (IMPRINT) | |
| Place of publication, distribution, etc | Mumbai |
| Name of publisher, distributor, etc | Insurance Institute of India |
| Date of publication, distribution, etc | 2008 |
| 300 ## - PHYSICAL DESCRIPTION | |
| Extent | 247p. |
| 690 ## - LOCAL SUBJECT ADDED ENTRY--TOPICAL TERM (OCLC, RLIN) | |
| Topical term or geographic name as entry element | Statistics; Life Assurance |
| 700 ## - ADDED ENTRY--PERSONAL NAME | |
| Personal name | Diwan, M.G. |
| 942 ## - ADDED ENTRY ELEMENTS (KOHA) | |
| Source of classification or shelving scheme | Dewey Decimal Classification |
| Koha item type | Books |
| Withdrawn status | Lost status | Source of classification or shelving scheme | Damaged status | Not for loan | Collection code | Home library | Current library | Department | Date acquired | Source of acquisition | Coded location qualifier | Cost, normal purchase price | Inventory number(Invoice/Date) | Total Checkouts | Full call number | Barcode | Date last seen | Date checked out | Price effective from | Koha item type | Public note |
|---|---|---|---|---|---|---|---|---|---|---|---|---|---|---|---|---|---|---|---|---|---|
| Dewey Decimal Classification | General Text Book | Central University Of Rajasthan | Central University Of Rajasthan | Statistics | 07/03/2012 | STT | Insurance | 75.00 | 49292/14.09.2009 | 1 | 368.32 I7L | 60 | 21/11/2024 | 04/03/2024 | 02/09/2020 | Books | Insurance Mumbai | ||||
| Dewey Decimal Classification | General Text Book | Central University Of Rajasthan | Central University Of Rajasthan | Statistics | 07/03/2012 | STT | Insurance | 75.00 | 49292/14.09.2009 | 368.32 I7L | 59 | 21/11/2024 | 02/09/2020 | Books | Insurance Mumbai | ||||||
| Dewey Decimal Classification | General Text Book | Central University Of Rajasthan | Central University Of Rajasthan | Statistics | 07/03/2012 | STT | Insurance | 75.00 | 49292/14.09.2009 | 368.32 I7L | 58 | 21/11/2024 | 02/09/2020 | Books | Insurance Mumbai |
